Ostrogotsky G. "Byzanz und Welt der Slawen"

Bibliographic Details
Format: Article
Language:Slovak
Subjects:

MARC

LEADER 00000nab a2200000 a 4500
001 vtls008960060
003 SK-MaSNL
005 20260304133739.0
008 250505 1977 xo | 000 0 slo
015 |a SNBRA1977 
035 |a urn:nbn:sk:snk-ab7tx4 
035 |a (urnnbn)urn:nbn:sk:snk:ar-004tuh 
035 |a (uuid)f3383887-8f2a-496e-9621-4dffac43a165 
040 |a SNKBUCL  |b slo  |c SNKBUCL  |e AACR2 
041 0 |a slo 
044 |a xo  |c SK 
080 |a 94(495):94(=16)  |2 2001 
080 |a 94(=16)  |2 2001 
245 0 0 |a Ostrogotsky G. "Byzanz und Welt der Slawen"  |c [autor] J. T. 
650 0 7 |a Slovania  |2 snkbucl  |9 18587 
651 7 |a Byzantská ríša  |2 snkbucl  |9 74153 
655 7 |a recenzie  |2 snkbucl  |9 21907 
655 7 |a monografie  |2 snkbucl  |9 70139 
773 0 |t Historický časopis  |g Roč. 25, č. 1 (1977), s. 130 
787 0 8 |i Rec.:  |a Ostrogotsky, G.  |t Byzanz und Welt der Slawen 
850 |a Slovenská národná knižnica 
852 |a Slovenská národná knižnica 
954 |a odborná, vedecká literatúra pôvodná (slovenská)  |2 lita 
958 |a article9 
958 |a OND 
958 |a RC 
958 |a EUIPO 
999 |c 2903507  |d 2905437